[Event "10th EUR-ch (w)"]
[Site "Sankt Petersburg RUS"]
[Date "2009.03.13"]
[Round "6"]
[White "Peng Zhaoqin"]
[Black "Grabuzova, Tatiana"]
[Result "0-1"]
[WhiteElo "2461"]
[BlackElo "2332"]
[EventDate "2009.03.08"]
[PlyCount "118"]

1.d4 e6 2.g3 d5 3.Nf3 c5 4.Bg2 Nf6 5.c4 cxd4 6.O-O dxc4 7.Nxd4 e5 8.Nb5 
Qb6 9.N1c3 Bc5 10.a4 a5 11.Bg5 Nbd7 12.Nd5 Nxd5 13.Qxd5 h6 14.Bd2 O-O 15.
Qxc4 Nf6 16.Rac1 Rd8 17.Bxh6 Bd4 18.Bg5 Be6 19.Qc7 Rd7 20.Qxb6 Bxb6 21.Rc3
Re8 22.Bxf6 gxf6 23.e3 Rb8 24.h3 Rd2 25.Rb1 Rbd8 26.g4 R8d7 27.Rc8+ Kg7 
28.Rb8 f5 29.Bxb7 fxg4 30.hxg4 Bxg4 31.Bc8 Rd8 32.Rxb6 Rxc8 33.Rd6 Rcc2 
34.Rxd2 Rxd2 35.b4 Bf5 36.Rb3 Be6 37.Rb1 Ba2 38.Ra1 axb4 39.a5 b3 40.Nc3 
b2 41.Rxa2 b1=Q+ 42.Nxb1 Rxa2 43.Nc3 Rxa5 44.Kg2 f5 45.Ne2 Kf6 46.Kf3 Ra4 
47.Ng3 Kg5 48.Ne2 Ra3 49.Ng3 Ra2 50.Nf1 Rb2 51.Kg3 Rb3 52.Nd2 Rd3 53.Nf3+ 
Kf6 54.Ne1 Rc3 55.Ng2 Rc1 56.Nh4 Rg1+ 57.Kh2 Rg8 58.Nf3 f4 59.exf4 exf4 
0-1

[Event "10th EUR-ch (w)"]
[Site "Sankt Petersburg RUS"]
[Date "2009.03.13"]
[Round "6"]
[White "Guramishvili, Sopiko"]
[Black "Gaponenko, Inna"]
[Result "1/2-1/2"]
[WhiteElo "2281"]
[BlackElo "2450"]
[EventDate "2009.03.08"]
[PlyCount "72"]

1.d4 Nf6 2.c4 e6 3.Nf3 c5 4.d5 d6 5.Nc3 exd5 6.cxd5 g6 7.h3 Bg7 8.e4 O-O 
9.Bd3 b5 10.Bxb5 Nxe4 11.Nxe4 Qa5+ 12.Nfd2 Qxb5 13.Nxd6 Qa6 14.N2c4 Nd7 
15.O-O Ne5 16.Nxe5 Qxd6 17.Nc4 Qa6 18.Ne3 Bb7 19.Qc2 Bd4 20.Bd2 Rfd8 21.
Bc3 Bxd5 22.Nxd5 Rxd5 23.Rfe1 Rad8 24.Qe2 Qxe2 25.Rxe2 Bxc3 26.bxc3 Rd1+ 
27.Rxd1 Rxd1+ 28.Kh2 Rc1 29.Re7 a5 30.Ra7 Rxc3 31.Rxa5 Kg7 32.Ra6 h5 33.a4
Kf8 34.Ra7 Ke8 35.Rc7 Ra3 36.Rxc5 Rxa4 1/2-1/2

[Event "10th EUR-ch (w)"]
[Site "Sankt Petersburg RUS"]
[Date "2009.03.13"]
[Round "6"]
[White "Muzychuk, Maria"]
[Black "Dolzhikova, Kateryna"]
[Result "1/2-1/2"]
[WhiteElo "2427"]
[BlackElo "2294"]
[EventDate "2009.03.08"]
[PlyCount "91"]

1.e4 c5 2.Nc3 d6 3.g3 g6 4.Bg2 Bg7 5.d3 Nc6 6.f4 e6 7.Nf3 Nge7 8.O-O O-O 
9.Be3 b6 10.Bf2 d5 11.exd5 Nxd5 12.Nxd5 exd5 13.d4 Ba6 14.Re1 Qd6 15.c3 c4
16.Ne5 f6 17.Nxc6 Qxc6 18.Qf3 Rad8 19.Re7 Rf7 20.Rae1 Bc8 21.Qe2 Bf8 22.
Rxf7 Kxf7 23.g4 Qe6 24.h3 Qxe2 25.Rxe2 Be6 26.Bh4 Be7 27.Kh2 Bd6 28.Rf2 
Rd7 29.Kh1 f5 30.gxf5 gxf5 31.Bf3 Be7 32.Bh5+ Kg7 33.Bg5 Bf7 34.Bf3 h6 35.
Bxe7 Rxe7 36.Kg2 Kf6 37.Rf1 b5 38.Kf2 a5 39.Re1 Rxe1 40.Kxe1 Ke6 41.Kd2 
Kd6 42.Bd1 Be8 43.Kc1 Kc6 44.b3 Kb6 45.Kb2 b4 46.Bf3 1/2-1/2

[Event "10th EUR-ch (w)"]
[Site "Sankt Petersburg RUS"]
[Date "2009.03.13"]
[Round "6"]
[White "Cherenkova, Kristina"]
[Black "Turova, Irina"]
[Result "1/2-1/2"]
[WhiteElo "2270"]
[BlackElo "2379"]
[EventDate "2009.03.08"]
[PlyCount "68"]

1.e4 e5 2.Nf3 Nf6 3.Nxe5 d6 4.Nf3 Nxe4 5.Nc3 Nxc3 6.dxc3 Be7 7.Be3 Nc6 8.
Qd2 Be6 9.Be2 Qd7 10.Nd4 Nxd4 11.Bxd4 O-O 12.c4 c5 13.Bc3 d5 14.cxd5 Qxd5 
15.Bf3 Qxd2+ 16.Bxd2 Rad8 17.b3 b6 18.O-O-O c4 19.Kb2 Bc5 20.Rhf1 a5 21.
Be3 Bxe3 22.fxe3 f6 23.Rxd8 Rxd8 24.Rd1 Rxd1 25.Bxd1 Kf7 26.Kc3 cxb3 27.
cxb3 Ke7 28.Kd4 Kd6 29.Be2 g5 30.e4 Bd7 31.a3 Be8 32.b4 axb4 33.axb4 h5 
34.g3 h4 1/2-1/2

[Event "10th EUR-ch (w)"]
[Site "Sankt Petersburg RUS"]
[Date "2009.03.13"]
[Round "6"]
[White "Kursova, Maria"]
[Black "Calzetta Ruiz, Monica"]
[Result "1-0"]
[WhiteElo "2268"]
[BlackElo "2371"]
[EventDate "2009.03.08"]
[PlyCount "75"]

1.d4 Nf6 2.Nf3 g6 3.c4 Bg7 4.g3 O-O 5.Bg2 d6 6.Nc3 Nc6 7.O-O a6 8.d5 Na5 
9.Nd2 c5 10.Rb1 h5 11.h3 Rb8 12.Qc2 Bf5 13.e4 Bd7 14.b3 e5 15.Ne2 b5 16.
Bb2 Nh7 17.f4 f5 18.fxe5 dxe5 19.Rbe1 bxc4 20.bxc4 Ng5 21.h4 Nf7 22.exf5 
gxf5 23.Nc1 Qc7 24.Bc3 Rbe8 25.Nd3 Nb7 26.Qd1 Nh6 27.Qxh5 Ng4 28.Nf3 Re7 
29.Ng5 Bf6 30.d6 Qxd6 31.Bd5+ Qxd5 32.cxd5 Be8 33.Nf7 Bxf7 34.Qxf5 Bxd5 
35.Qxg4+ Rg7 36.Qh3 Bc4 37.Rxf6 Rxf6 38.Bxe5 1-0

[Event "10th EUR-ch (w)"]
[Site "Sankt Petersburg RUS"]
[Date "2009.03.13"]
[Round "6"]
[White "Akatova, Ekaterina"]
[Black "Malgina, Tatiana"]
[Result "0-1"]
[WhiteElo "2261"]
[BlackElo "2342"]
[EventDate "2009.03.08"]
[PlyCount "122"]

1.e4 c5 2.Nf3 Nc6 3.d4 cxd4 4.Nxd4 g6 5.Nc3 Bg7 6.Be3 Nf6 7.f3 O-O 8.g4 
Qb6 9.Rb1 Nxg4 10.fxg4 Nxd4 11.Nd5 Qe6 12.Bg2 Nc6 13.Nc7 Qe5 14.Nxa8 Qb8 
15.Nb6 axb6 16.Bxb6 Qf4 17.Qf3 Qg5 18.h4 Qb5 19.Qb3 Qe5 20.O-O d6 21.Bf2 
Bxg4 22.Qd5 Ra8 23.c3 Be6 24.Qxe5 Nxe5 25.a3 Bb3 26.Bd4 h5 27.Kh2 Rc8 28.
Kg3 Rc7 29.Bf3 Nc4 30.Bxg7 Kxg7 31.Bd1 Ba2 32.Ra1 Nd2 33.Re1 Bc4 34.Bc2 
Nb3 35.Bxb3 Bxb3 36.a4 e5 37.Ra3 Bc2 38.Re2 Bd3 39.Rd2 Bxe4 40.Rxd6 f5 41.
Re6 Rd7 42.Rxe5 Rd3+ 43.Kf2 Rd2+ 44.Ke3 Rxb2 45.Re6 Rh2 46.Kf4 Rxh4+ 47.
Ke5 Rh1 48.c4 h4 49.a5 Kh6 50.Kf6 Kh5 51.c5 Rc1 52.Re5 g5 53.Re3 Kg4 54.
R3xe4+ fxe4 55.Rxg5+ Kf3 56.Rf5+ Ke2 57.Rh5 e3 58.Rxh4 Rxc5 59.Rb4 Rxa5 
60.Rxb7 Kf2 61.Ke6 e2 0-1

[Event "10th EUR-ch (w)"]
[Site "Sankt Petersburg RUS"]
[Date "2009.03.13"]
[Round "6"]
[White "Gritsaeva, Oksana"]
[Black "Paikidze, Nazi"]
[Result "1-0"]
[WhiteElo "2341"]
[BlackElo "2280"]
[EventDate "2009.03.08"]
[PlyCount "89"]

1.Nf3 Nf6 2.c4 e6 3.g3 d5 4.Bg2 dxc4 5.Qa4+ Nbd7 6.Qxc4 a6 7.Qc2 Be7 8.d4 
c5 9.O-O Ra7 10.dxc5 Bxc5 11.Nbd2 Qc7 12.Kh1 b5 13.Nb3 Bb6 14.Qxc7 Rxc7 
15.Bf4 Rc2 16.Nfd4 Rc4 17.Nc6 Ng4 18.Kg1 Bb7 19.Nba5 Bxc6 20.Nxc4 Bxg2 21.
Nd6+ Ke7 22.Kxg2 g5 23.Bxg5+ f6 24.Bf4 e5 25.Nf5+ Ke6 26.h3 Nxf2 27.Be3 
Kxf5 28.Rxf2+ Ke6 29.Bxb6 Nxb6 30.Rc1 Nc4 31.b3 Nd6 32.Rc6 Ra8 33.Rf1 Kd7 
34.Rfc1 Ra7 35.g4 a5 36.Rb6 Ke7 37.Kf3 a4 38.Rd1 axb3 39.axb3 Rd7 40.h4 h6
41.Rd5 Rd8 42.Rc6 Ke6 43.Rxb5 Kd7 44.Rbb6 Nc8 45.Ra6 1-0

[Event "10th EUR-ch (w)"]
[Site "Sankt Petersburg RUS"]
[Date "2009.03.13"]
[Round "6"]
[White "Solovyova, Valentina"]
[Black "Mammadova, Gulnar"]
[Result "1-0"]
[WhiteElo "2324"]
[BlackElo "2175"]
[EventDate "2009.03.08"]
[PlyCount "95"]

1.e4 d6 2.d4 Nf6 3.Nc3 g6 4.Bg5 Bg7 5.Qd2 c6 6.f4 h6 7.Bh4 Qa5 8.Nf3 Bg4 
9.Rd1 Qh5 10.Bxf6 Bxf6 11.Be2 O-O 12.O-O Qa5 13.h3 Bxf3 14.Rxf3 e5 15.Nd5 
Bd8 16.Nf6+ Kg7 17.Qxa5 Bxa5 18.fxe5 dxe5 19.dxe5 Bc7 20.Nd7 Nxd7 21.Rxd7 
Bxe5 22.Rxb7 Rab8 23.Rxb8 Rxb8 24.b3 Bd4+ 25.Kf1 Re8 26.Bd3 c5 27.Bc4 Re7 
28.Bd5 h5 29.c3 Be5 30.Ke2 f5 31.exf5 Bxc3+ 32.Kd3 Be5 33.Kc4 Rc7 34.fxg6 
Kxg6 35.Be4+ Kh6 36.Rf5 Bg3 37.Rxc5 Rxc5+ 38.Kxc5 h4 39.b4 Kg5 40.a4 Kf6 
41.Kc6 Ke7 42.b5 Kd8 43.Bf5 Bc7 44.Kb7 Bb6 45.Bg4 Ke7 46.Ka6 Bf2 47.Kb7 
Be3 48.Be2 1-0

[Event "10th EUR-ch (w)"]
[Site "Sankt Petersburg RUS"]
[Date "2009.03.13"]
[Round "6"]
[White "Kostiukova, Liubov"]
[Black "Charochkina, Daria"]
[Result "1/2-1/2"]
[WhiteElo "2235"]
[BlackElo "2316"]
[EventDate "2009.03.08"]
[PlyCount "146"]

1.d4 Nf6 2.c4 e6 3.g3 d5 4.Bg2 dxc4 5.Nf3 a6 6.O-O Nc6 7.e3 Bd7 8.Nbd2 b5 
9.Ne5 Nd5 10.Nxd7 Qxd7 11.e4 Nb6 12.d5 Nb4 13.Bh3 Nd3 14.Nf3 Na4 15.b3 
Nac5 16.bxc4 bxc4 17.Ng5 Be7 18.dxe6 fxe6 19.Qc2 Rb8 20.Qxc4 Rb4 21.Qc2 
Ne5 22.Bb2 Ned3 23.Bc3 Rc4 24.Nxe6 Nxe6 25.Bxe6 Qxe6 26.Qxd3 O-O 27.Ba5 c5
28.Rfe1 Rd4 29.Qe3 Qg4 30.Bc3 Rf3 31.Bxd4 Rxe3 32.Bxe3 h5 33.Kg2 Qxe4+ 34.
f3 Qc2+ 35.Bf2 Bf6 36.Rac1 Qxa2 37.Rxc5 h4 38.Kg1 Qa3 39.Rc8+ Kh7 40.gxh4 
Qxf3 41.Rc4 Bc3 42.Ree4 a5 43.Be1 Bxe1 44.Rxe1 Qb3 45.Ree4 Qd1+ 46.Kg2 
Qd2+ 47.Kg3 Qd3+ 48.Kf4 Qh3 49.Ke5 Qxh2+ 50.Kd5 Qd2+ 51.Kc6 Qd8 52.Kb5 
Qd5+ 53.Ka4 Qd7+ 54.Kxa5 Qa7+ 55.Kb4 Qb6+ 56.Kc3 Qf6+ 57.Red4 Qf3+ 58.Rd3 
Qf6+ 59.Rdd4 Qf3+ 60.Kb4 Qb7+ 61.Ka3 Qa7+ 62.Ra4 Qc5+ 63.Kb3 Qb6+ 64.Kc3 
Qc6+ 65.Rac4 Qf3+ 66.Rd3 Qf6+ 67.Rcd4 Qc6+ 68.Kb2 Qb6+ 69.Kc1 Qc6+ 70.Kd1 
Qh1+ 71.Kd2 Qg2+ 72.Kc3 Qc6+ 73.Rc4 Qf6+ 1/2-1/2

[Event "10th EUR-ch (w)"]
[Site "Sankt Petersburg RUS"]
[Date "2009.03.13"]
[Round "6"]
[White "Kazimova, Narmin"]
[Black "Paulet, Iozefina"]
[Result "0-1"]
[WhiteElo "2165"]
[BlackElo "2315"]
[EventDate "2009.03.08"]
[PlyCount "152"]

1.Nf3 Nf6 2.c4 e6 3.Nc3 Bb4 4.Qc2 O-O 5.a3 Bxc3 6.Qxc3 b6 7.b4 a5 8.d3 
axb4 9.axb4 Rxa1 10.Qxa1 Qe7 11.Ba3 d6 12.e4 e5 13.Be2 Nc6 14.O-O Bg4 15.
b5 Nd8 16.Bc1 Ne6 17.Be3 Nh5 18.Qa3 Nhf4 19.Bd1 Qf6 20.Kh1 Qh6 21.Nd2 Qg6 
22.g3 Bxd1 23.Rxd1 Qh5 24.Re1 Qh3 25.Bxf4 exf4 26.Nf3 fxg3 27.fxg3 Nf4 28.
Rg1 Qg4 29.Rf1 Ne6 30.Qa2 f5 31.exf5 Qxf5 32.c5 bxc5 33.Nd2 Qe5 34.Rxf8+ 
Kxf8 35.Ne4 Qf5 36.Kg2 Nd4 37.Qa8+ Ke7 38.Nf2 Nxb5 39.Qb7 Qd7 40.Qe4+ Kd8 
41.Qxh7 Qf7 42.Qh4+ Kc8 43.Qe4 Nd4 44.Qa8+ Kd7 45.Qa4+ Ke7 46.Qa8 d5 47.
Qa7 Qf3+ 48.Kf1 Ne6 49.Qa3 Qe3 50.Qa4 Qd4 51.Kg2 c4 52.Qb4+ Qc5 53.Qc3 
cxd3 54.Qxd3 Qd4 55.Qa3+ Kd7 56.Qf3 c5 57.Qf7+ Kd6 58.Qe8 c4 59.Qb8+ Nc7 
60.Qb4+ Qc5 61.Qd2 Kc6 62.Qg5 Qd4 63.Qg6+ Kb7 64.Qb1+ Qb6 65.Qc2 Qb3 66.
Qxb3+ cxb3 67.Nd3 Kb6 68.h4 Kb5 69.g4 Kc4 70.Nb2+ Kc3 71.Na4+ Kc2 72.g5 d4
73.h5 d3 74.h6 gxh6 75.gxh6 Ne6 76.h7 Nf4+ 0-1

[Event "10th EUR-ch (w)"]
[Site "Sankt Petersburg RUS"]
[Date "2009.03.13"]
[Round "6"]
[White "Balaian, Alina"]
[Black "Nebolsina, Vera"]
[Result "0-1"]
[WhiteElo "2037"]
[BlackElo "2312"]
[EventDate "2009.03.08"]
[PlyCount "112"]

1.e4 c5 2.Nc3 Nc6 3.g3 g6 4.d3 Bg7 5.Be3 d6 6.Qd2 Nd4 7.Nd1 f5 8.c3 Nc6 9.
f4 Nf6 10.Nf2 b5 11.Bg2 Bb7 12.e5 Nd7 13.d4 cxd4 14.cxd4 Nb6 15.b3 Rc8 16.
Nd3 dxe5 17.Nc5 exd4 18.Bf2 e5 19.Nxb7 Qe7 20.fxe5 Bxe5 21.Ne2 Qxb7 22.
Nxd4 Bxd4 23.Bxd4 Qe7+ 24.Be3 O-O 25.O-O Rfd8 26.Qf2 Ne5 27.h3 Nd3 28.Qf3 
b4 29.Bh6 Rc3 30.Rad1 Ne5 31.Qf4 Rcd3 32.Rde1 Qc5+ 33.Kh1 Nf7 34.Bg5 Nxg5 
35.Qxg5 Qd6 36.g4 Qg3 37.Qe7 Rd2 38.Re2 Rxe2 39.Qxe2 Qd6 40.gxf5 gxf5 41.
Qe3 Rf8 42.Bf3 f4 43.Qf2 Qe5 44.Re1 Qf6 45.Rc1 Kh8 46.Rc7 Rg8 47.Rxa7 Nc8 
48.Rc7 Nd6 49.Bg4 Ne4 50.Qg2 Qa1+ 51.Kh2 Qe5 52.Qc2 f3+ 53.Kh1 f2 54.Rf7 
Qa1+ 55.Qd1 Qxd1+ 56.Bxd1 Rg1+ 0-1

[Event "10th EUR-ch (w)"]
[Site "Sankt Petersburg RUS"]
[Date "2009.03.13"]
[Round "6"]
[White "Chasovnikova, Eugenia"]
[Black "Sorokina, Anastasia"]
[Result "1/2-1/2"]
[WhiteElo "2302"]
[BlackElo "2087"]
[EventDate "2009.03.08"]
[PlyCount "105"]

1.d4 Nf6 2.Nf3 g6 3.c4 Bg7 4.Nc3 O-O 5.e4 d6 6.h3 Na6 7.Bg5 Qe8 8.Be2 e5 
9.d5 Nc5 10.Nd2 a5 11.Qc2 h6 12.Be3 Nfd7 13.Nb5 Qd8 14.g4 Re8 15.O-O-O Bf8
16.h4 c6 17.Nc3 Be7 18.Bxh6 Bxh4 19.Nf3 Be7 20.Qd2 Nf6 21.Ng5 Bxg4 22.Bxg4
Nxg4 23.Rdg1 Nxh6 24.Rxh6 Bxg5 25.Rxg5 Nd3+ 26.Kc2 Nf4 27.Rg1 Qf6 28.Rb1 
Kf8 29.dxc6 bxc6 30.c5 Ke7 31.Na4 dxc5 32.Nb6 Ra7 33.Rd1 Qe6 34.Kb1 Kf6 
35.Rh7 c4 36.Nd7+ Ke7 37.Nc5 Qf6 38.Qe3 Rea8 39.Qa3 Ke8 40.Rdh1 Qd6 41.Qe3
a4 42.Kc2 Rb8 43.Rh8+ Ke7 44.R1h7 Rxh8 45.Rxh8 Ra5 46.Qg3 Kf6 47.Qh4+ g5 
48.Qg4 Kg7 49.Qc8 Rxc5 50.Rg8+ Kh7 51.Rh8+ Kg7 52.Rg8+ Kh7 53.Rh8+ 1/2-1/2

[Event "10th EUR-ch (w)"]
[Site "Sankt Petersburg RUS"]
[Date "2009.03.13"]
[Round "6"]
[White "Huda, Maryana"]
[Black "Zhukova, Natalia"]
[Result "1/2-1/2"]
[WhiteElo "2240"]
[BlackElo "2490"]
[EventDate "2009.03.08"]
[PlyCount "94"]

1.d4 d5 2.e3 Nf6 3.Bd3 c5 4.c3 g6 5.f4 Bg7 6.Nf3 O-O 7.O-O b6 8.Qe2 Bb7 9.
Bd2 Qc8 10.a4 Ba6 11.Bb5 Bxb5 12.axb5 Ne4 13.Na3 a5 14.bxa6 Nxa6 15.Nc2 
Qb7 16.Be1 Nc7 17.Bh4 e6 18.Nd2 Nxd2 19.Qxd2 Rxa1 20.Rxa1 Ra8 21.Qd1 Kf8 
22.Rxa8+ Qxa8 23.Qa1 Qxa1+ 24.Nxa1 Ke8 25.Kf2 Kd7 26.Ke2 Ne8 27.Nb3 Bf8 
28.Nd2 Nd6 29.Kd3 c4+ 30.Kc2 Be7 31.Bxe7 Kxe7 32.g4 h5 33.h3 Kf6 34.Kd1 
hxg4 35.hxg4 b5 36.Ke2 Ke7 37.g5 Nc8 38.Nf3 f6 39.Kd2 Nd6 40.gxf6+ Kxf6 
41.Ne5 g5 42.fxg5+ Kxg5 43.Nd7 Kf5 44.Ke2 Nf7 45.Kf3 Ng5+ 46.Ke2 Nf7 47.
Kf3 Ng5+ 1/2-1/2

[Event "10th EUR-ch (w)"]
[Site "Sankt Petersburg RUS"]
[Date "2009.03.13"]
[Round "6"]
[White "Kirillova, Varvara"]
[Black "Matveeva, Svetlana"]
[Result "1/2-1/2"]
[WhiteElo "2246"]
[BlackElo "2422"]
[EventDate "2009.03.08"]
[PlyCount "49"]

1.e4 e6 2.d3 d5 3.Nd2 c5 4.Ngf3 Nc6 5.g3 Bd6 6.Bg2 Nge7 7.O-O O-O 8.c3 Bd7
9.Re1 Qc7 10.Qe2 f6 11.a3 a5 12.b3 a4 13.b4 cxb4 14.cxb4 d4 15.Nc4 e5 16.
Bd2 b5 17.Nxd6 Qxd6 18.Nh4 Rac8 19.f4 Nd8 20.Rac1 Nf7 21.f5 Rxc1 22.Rxc1 
Rc8 23.Qd1 Rc6 24.Bf3 Qc7 25.Rxc6 1/2-1/2

[Event "10th EUR-ch (w)"]
[Site "Sankt Petersburg RUS"]
[Date "2009.03.13"]
[Round "6"]
[White "Molchanova, Tatiana"]
[Black "Wagener, Anna"]
[Result "0-1"]
[WhiteElo "2319"]
[BlackElo "2255"]
[EventDate "2009.03.08"]
[PlyCount "28"]

1.d4 f5 2.c4 Nf6 3.Nc3 g6 4.f3 Bg7 5.e4 d6 6.e5 dxe5 7.dxe5 Qxd1+ 8.Kxd1 
Nfd7 9.f4 b6 10.Be2 Bb7 11.Bf3 Nc6 12.Nge2 O-O-O 13.Bd2 Nc5 14.a3 Nb3 0-1

[Event "10th EUR-ch (w)"]
[Site "Sankt Petersburg RUS"]
[Date "2009.03.13"]
[Round "6"]
[White "Arabidze, Meri"]
[Black "Galoian, Lilit"]
[Result "1-0"]
[WhiteElo "2246"]
[BlackElo "2316"]
[EventDate "2009.03.08"]
[PlyCount "165"]

1.d4 d5 2.c4 e6 3.Nc3 Nf6 4.Bg5 c5 5.cxd5 cxd4 6.Qxd4 Nc6 7.Qh4 exd5 8.
Bxf6 gxf6 9.Rd1 Be6 10.Nf3 Bb4 11.e3 Ke7 12.Bd3 Qg8 13.O-O Bxc3 14.bxc3 
Qg4 15.Rb1 b6 16.Qxg4 Bxg4 17.Nh4 Ne5 18.Ba6 Rhg8 19.f4 Nc4 20.Rf2 Be6 21.
Re1 Nd6 22.Nf3 Ne4 23.Rc2 Nc5 24.Bf1 Bf5 25.Rd2 Be4 26.Nd4 Rac8 27.c4 dxc4
28.Bxc4 a6 29.g3 Rc7 30.Bf1 f5 31.Red1 Rgc8 32.Bh3 Kf6 33.Ne2 Ne6 34.Kf2 
Rc2 35.Bg2 Bxg2 36.Kxg2 b5 37.Kf3 a5 38.Rxc2 Rxc2 39.Rd5 Nc7 40.Rxf5+ Ke7 
41.a3 b4 42.axb4 axb4 43.Nd4 Rxh2 44.Nc6+ Ke6 45.Re5+ Kf6 46.Nxb4 Ne6 47.
Nd5+ Kg7 48.Kg4 Ra2 49.Ne7 Ra1 50.Nf5+ Kf6 51.Nd6 Ra3 52.e4 Kg7 53.f5 Nd4 
54.Re7 Ne2 55.Rxf7+ Kg8 56.Kg5 Nxg3 57.Rc7 Ra5 58.Kg4 Ne2 59.Ne8 Kf8 60.
Nf6 Ra4 61.Nxh7+ Ke8 62.Nf6+ Kd8 63.Rf7 Kc8 64.Re7 Ra1 65.Kg5 Nd4 66.Re8+ 
Kc7 67.Nd5+ Kd7 68.Re7+ Kd6 69.Kf6 Rf1 70.Ne3 Rf2 71.Ra7 Rf3 72.Nc4+ Kc5 
73.Rc7+ Kb5 74.Nd6+ Kb6 75.Rc4 Nc6 76.e5 Rd3 77.Nc8+ Kb5 78.Re4 Rd8 79.
Nd6+ Kb6 80.Nf7 Rd5 81.e6 Nd4 82.Rxd4 Rxd4 83.e7 1-0

[Event "10th EUR-ch (w)"]
[Site "Sankt Petersburg RUS"]
[Date "2009.03.13"]
[Round "6"]
[White "Ivakhinova, Inna"]
[Black "Manakova, Maria"]
[Result "1/2-1/2"]
[WhiteElo "2225"]
[BlackElo "2299"]
[EventDate "2009.03.08"]
[PlyCount "128"]

1.e4 c5 2.Nf3 Nc6 3.d4 cxd4 4.Nxd4 e5 5.Nb5 d6 6.c4 a6 7.N5c3 Be6 8.Nd5 
Rc8 9.Nbc3 Be7 10.g3 Bg5 11.Bxg5 Qxg5 12.Bg2 Qd8 13.O-O Nge7 14.f4 exf4 
15.gxf4 O-O 16.b3 f5 17.Qd3 fxe4 18.Qxe4 Bxd5 19.cxd5 Nb8 20.Qe6+ Kh8 21.
Ne4 Nf5 22.Ng5 Rc7 23.Qe4 Re7 24.Ne6 Qb6+ 25.Rf2 Nd7 26.b4 Nh6 27.Bh3 Nf6 
28.Qf3 Rc8 29.a3 Rc2 30.Rf1 Rd2 31.Kh1 Rxd5 32.Rc2 Nhg8 33.Rg1 Qb5 34.Qg2 
Qd3 35.Nxg7 Qe4 36.Nf5 Re8 37.Qxe4 Nxe4 38.Rgc1 Rf8 39.Ng3 Rd4 40.Bg2 d5 
41.Nxe4 dxe4 42.Rc4 Rxc4 43.Rxc4 Rxf4 44.Rxe4 Rf7 45.Re8 Rd7 46.Kg1 Kg7 
47.Rb8 Rd1+ 48.Kf2 Rd2+ 49.Kf1 b5 50.Rb7+ Kf6 51.Rb6+ Ke5 52.Rxa6 Nf6 53.
h3 Nh5 54.Bf3 Nf4 55.h4 Ne6 56.Ra7 Nd4 57.Bh5 h6 58.Be8 Kf4 59.h5 Rd1+ 60.
Kf2 Rd2+ 61.Kf1 Rd1+ 62.Kg2 Rd2+ 63.Kf1 Rd1+ 64.Kg2 Rd2+ 1/2-1/2

[Event "10th EUR-ch (w)"]
[Site "Sankt Petersburg RUS"]
[Date "2009.03.13"]
[Round "6"]
[White "Zakurdyaeva, Irina"]
[Black "Shaidullina, Sandugach"]
[Result "1-0"]
[WhiteElo "2295"]
[BlackElo "2232"]
[EventDate "2009.03.08"]
[PlyCount "117"]

1.e4 c5 2.Nf3 Nc6 3.d4 cxd4 4.Nxd4 Nf6 5.Nc3 d6 6.Bg5 e6 7.Qd2 a6 8.O-O-O 
h6 9.Nxc6 bxc6 10.Bf4 d5 11.Qe3 Be7 12.Be2 Nd7 13.exd5 cxd5 14.Rxd5 exd5 
15.Nxd5 Kf8 16.Rd1 Bc5 17.Qg3 Kg8 18.b4 Bf8 19.Bc4 Kh7 20.Bxh6 g6 21.Be3 
Rb8 22.c3 Bg7 23.h4 Kg8 24.Bg5 Bh6 25.Kb2 Bxg5 26.hxg5 Rb7 27.Bxa6 Qe8 28.
Bxb7 Bxb7 29.Qd6 Bxd5 30.Rxd5 Nf8 31.Re5 Qa8 32.Qd5 Qa7 33.Qc5 Qd7 34.Rd5 
Qe8 35.Qd4 Ne6 36.Qf6 Rh4 37.g3 Re4 38.Kb3 Qc8 39.Rd2 Qc4+ 40.Kb2 Re2 41.
Rxe2 Qxe2+ 42.Ka3 Qc4 43.Qe5 Nc7 44.Kb2 Qc6 45.a4 Nd5 46.b5 Qc4 47.Qd4 
Qxd4 48.cxd4 Kf8 49.Kb3 Ke7 50.a5 Kd6 51.Kc4 Ne7 52.b6 Kc6 53.d5+ Kb7 54.
Kc5 Nf5 55.d6 Ng7 56.d7 Ne6+ 57.Kd6 Nd8 58.Ke7 Nc6+ 59.Ke8 1-0

[Event "10th EUR-ch (w)"]
[Site "Sankt Petersburg RUS"]
[Date "2009.03.13"]
[Round "6"]
[White "Botsari, Anna-Maria"]
[Black "Lelekova, Olga"]
[Result "1-0"]
[WhiteElo "2289"]
[BlackElo "2222"]
[EventDate "2009.03.08"]
[PlyCount "55"]

1.d4 d5 2.c4 e5 3.dxe5 d4 4.a3 Nc6 5.Nf3 Nge7 6.g3 Ng6 7.Bf4 Bg4 8.Nbd2 
Be7 9.Bg2 Nxf4 10.gxf4 g5 11.fxg5 Bxg5 12.Nxg5 Qxg5 13.Bxc6+ bxc6 14.Rg1 
Qf4 15.Qa4 Bd7 16.Qa5 Rb8 17.b4 d3 18.exd3 Rb5 19.Qxa7 Rxe5+ 20.Kd1 Bg4+ 
21.Kc2 Re2 22.Rad1 Kd7 23.Kc3 Rxf2 24.Ne4 Bxd1 25.Qd4+ Ke7 26.Rxd1 Rf3 27.
Re1 f6 28.Ng5+ 1-0

[Event "10th EUR-ch (w)"]
[Site "Sankt Petersburg RUS"]
[Date "2009.03.13"]
[Round "6"]
[White "Fakhiridou, Ekaterini"]
[Black "Lezhepekova, Veronika"]
[Result "1-0"]
[WhiteElo "2257"]
[BlackElo "1917"]
[EventDate "2009.03.08"]
[PlyCount "101"]

1.e4 c5 2.b3 Nc6 3.Bb2 d6 4.Bb5 Bd7 5.Ne2 Nf6 6.Bxc6 Bxc6 7.d3 e5 8.O-O 
Be7 9.Ng3 O-O 10.Nf5 Ne8 11.Nc3 Nc7 12.Ne2 Ne6 13.Nxe7+ Qxe7 14.f4 f6 15.
f5 Nc7 16.c4 Kf7 17.Bc1 Ke8 18.a3 Kd8 19.b4 b6 20.Be3 Be8 21.Nc3 Bc6 22.
Qh5 Rh8 23.b5 Bd7 24.a4 Kc8 25.a5 Kb7 26.Ra3 h6 27.Rfa1 Rhd8 28.Qe2 Be8 
29.Qa2 Rdb8 30.axb6 axb6 31.Ra7+ Rxa7 32.Qxa7+ Kc8 33.Na4 Nd5 34.Qa6+ Qb7 
35.Qxb7+ Kxb7 36.exd5 Ra8 37.Ra2 Bh5 38.h3 Bd1 39.Nc3 Rxa2 40.Nxa2 Bc2 41.
Nc1 h5 42.Kf2 e4 43.d4 cxd4 44.Bxd4 e3+ 45.Kxe3 Bxf5 46.Nd3 h4 47.Nf4 Bc2 
48.Nh5 f5 49.Bxg7 Bb1 50.Nf4 Ba2 51.Kd4 1-0

[Event "10th EUR-ch (w)"]
[Site "Sankt Petersburg RUS"]
[Date "2009.03.13"]
[Round "6"]
[White "Cherednichenko, Elena"]
[Black "Kharashuta, Ekaterina"]
[Result "0-1"]
[WhiteElo "2161"]
[BlackElo "2304"]
[EventDate "2009.03.08"]
[PlyCount "80"]

1.d4 d6 2.Nf3 Bg4 3.e4 Nf6 4.h3 Bh5 5.Bd3 e6 6.Nbd2 c6 7.c3 Be7 8.Qe2 d5 
9.e5 Nfd7 10.O-O c5 11.b3 Nc6 12.Bb2 Qb6 13.g4 Bg6 14.Bxg6 hxg6 15.Kg2 
cxd4 16.cxd4 O-O-O 17.a4 Bb4 18.Qb5 Kb8 19.Qxb6 Nxb6 20.Rfc1 Nd7 21.Rc2 f6
22.Re1 fxe5 23.dxe5 Nc5 24.Rh1 Nd3 25.Ng5 Nxb2 26.Rxb2 Nxe5 27.Nxe6 Nd3 
28.Ra2 Rde8 29.Nd4 Nf4+ 30.Kf1 Nxh3 31.N2f3 Nf4 32.Rxh8 Rxh8 33.Kg1 Re8 
34.Kh2 a6 35.Rc2 Re4 36.Ra2 Bc3 37.Nc2 d4 38.Ng5 Re2 39.Kg3 d3 40.Kxf4 
dxc2 0-1

[Event "10th EUR-ch (w)"]
[Site "Sankt Petersburg RUS"]
[Date "2009.03.13"]
[Round "6"]
[White "Borisova, Elizaveta"]
[Black "Rozhko, Maria"]
[Result "1-0"]
[WhiteElo "2270"]
[BlackElo "2134"]
[EventDate "2009.03.08"]
[PlyCount "97"]

1.d4 Nf6 2.c4 e5 3.dxe5 Ng4 4.Nf3 Bc5 5.e3 Nc6 6.Be2 Ngxe5 7.Nxe5 Nxe5 8.
O-O O-O 9.Nc3 Re8 10.b3 a5 11.Na4 Bf8 12.Bb2 Ra6 13.f4 Rd6 14.Qc2 Nc6 15.
Rf3 Rde6 16.Bd3 Rxe3 17.Bxh7+ Kh8 18.Rxe3 Rxe3 19.Qd2 Qe8 20.Kf2 Re6 21.
Bd3 Bb4 22.Qd1 Rh6 23.a3 Be7 24.Qf3 d6 25.Re1 Kg8 26.Nc3 Re6 27.Rxe6 fxe6 
28.Nb5 Bh4+ 29.Kg1 Qf7 30.Qg4 Bf6 31.Bg6 Qd7 32.Bxf6 gxf6 33.Bc2+ Qg7 34.
Qxg7+ Kxg7 35.Nxc7 Nd4 36.Bd1 Bd7 37.Kf2 Bc6 38.g4 e5 39.Ke3 Kg6 40.h4 b6 
41.b4 axb4 42.axb4 Bd7 43.b5 f5 44.h5+ Kg7 45.g5 Be6 46.Ne8+ Kf8 47.Nxd6 
Bg8 48.fxe5 Ne6 49.g6 1-0

[Event "10th EUR-ch (w)"]
[Site "Sankt Petersburg RUS"]
[Date "2009.03.13"]
[Round "6"]
[White "Mamedyarova, Turkan"]
[Black "Minina, Veronika"]
[Result "1-0"]
[WhiteElo "2245"]
[BlackElo "2125"]
[EventDate "2009.03.08"]
[PlyCount "77"]

1.Nf3 Nf6 2.g3 g6 3.b3 Bg7 4.Bb2 O-O 5.Bg2 c5 6.c4 Nc6 7.O-O Rb8 8.e3 b6 
9.Nc3 Bb7 10.a3 e6 11.Ne2 Qe7 12.d4 cxd4 13.Nexd4 Nxd4 14.Bxd4 d5 15.cxd5 
Bxd5 16.b4 Rbc8 17.Rc1 Rxc1 18.Qxc1 Qb7 19.Nh4 Bxg2 20.Nxg2 Ne4 21.Bxg7 
Kxg7 22.f3 Rc8 23.Qb2+ Nc3 24.h4 Kg8 25.Kh2 Qa6 26.Rc1 Nb5 27.Ra1 Qa4 28.
Qe5 Nc3 29.e4 Qc2 30.h5 Qd2 31.f4 Rd8 32.h6 Kf8 33.Qg7+ Ke7 34.f5 Nxe4 35.
fxg6 Ng5 36.Rf1 hxg6 37.h7 Rd5 38.h8=Q Nf3+ 39.Rxf3 1-0

[Event "10th EUR-ch (w)"]
[Site "Sankt Petersburg RUS"]
[Date "2009.03.13"]
[Round "6"]
[White "Ni, Viktorija"]
[Black "Dolgova, Olga"]
[Result "1/2-1/2"]
[WhiteElo "2150"]
[BlackElo "2245"]
[EventDate "2009.03.08"]
[PlyCount "79"]

1.d4 Nf6 2.c4 c5 3.d5 e6 4.Nc3 exd5 5.cxd5 d6 6.e4 g6 7.h3 Bg7 8.Nf3 O-O 
9.Bd3 a6 10.a4 Re8 11.O-O Nh5 12.Be3 Nd7 13.Nd2 Rb8 14.Qc2 Ne5 15.Be2 Qh4 
16.Bxh5 gxh5 17.f4 Qg3 18.Rae1 Bxh3 19.Rf2 Bxg2 20.Ne2 Qxe3 21.fxe5 Bh3 
22.Nc4 Qg5+ 23.Kh2 Qh4 24.Nf4 Bg4+ 25.Kg1 Bxe5 26.Nxe5 Rxe5 27.Ng2 Qg5 28.
b4 b6 29.a5 cxb4 30.Qc7 Qd8 31.Qxf7+ Kh8 32.axb6 Rxb6 33.Rc1 Qe7 34.Rc7 
Qxf7 35.Rfxf7 Rg5 36.Rf8+ Rg8 37.Rff7 Rg5 38.Rf8+ Rg8 39.Rff7 Rg5 40.Rf8+ 
1/2-1/2

[Event "10th EUR-ch (w)"]
[Site "Sankt Petersburg RUS"]
[Date "2009.03.13"]
[Round "6"]
[White "Jinova, Lucie"]
[Black "Ambartsumova, Karina"]
[Result "1-0"]
[WhiteElo "2131"]
[BlackElo "2227"]
[EventDate "2009.03.08"]
[PlyCount "85"]

1.e4 c5 2.c3 e6 3.d4 d5 4.e5 Nc6 5.Nf3 Bd7 6.Bd3 Qb6 7.dxc5 Bxc5 8.O-O a5 
9.Qe2 f6 10.Bf4 fxe5 11.Bxe5 Nf6 12.Bxf6 gxf6 13.Nbd2 O-O 14.a3 Rae8 15.c4
d4 16.Ne4 Be7 17.Rfe1 f5 18.Ng3 Bd6 19.Qd2 Qd8 20.Nh5 Re7 21.Qh6 Qb8 22.c5
Bxc5 23.Bc4 Qd6 24.Nf6+ Rxf6 25.Qxf6 Bb6 26.Qxf5 Bc7 27.Qh3 Kh8 28.Qh6 Rg7
29.Bd3 Qf8 30.Kf1 Bf4 31.Qh4 e5 32.Be4 Ne7 33.g3 Bb5+ 34.Kg1 Bc6 35.Bxc6 
bxc6 36.Nxe5 Bxe5 37.Rxe5 Ng6 38.Qxd4 Nxe5 39.Qxe5 Qd8 40.Re1 Kg8 41.Qe8+ 
Qxe8 42.Rxe8+ Kf7 43.Rc8 1-0